| 000 | 00727nam a22002417a 4500 | ||
|---|---|---|---|
| 001 | 1837 | ||
| 003 | FISKH | ||
| 005 | 20240927163129.0 | ||
| 008 | 231004b cb ||||| |||| 00| 0 eng d | ||
| 020 | _a9781407108223 | ||
| 040 |
_aFISKH _beng _cFISKH _dFISKH |
||
| 050 | _aHX626-696 | ||
| 082 | _a741.5 | ||
| 100 |
_aArnold, Nick _d1964- |
||
| 245 |
_aWasted World / _cNick Arnold Illustrated by Tony De Saulles |
||
| 260 |
_aLondon : _bScholastic, _c2009 |
||
| 300 |
_a144 pages : _c20 cm |
||
| 505 | _aQ | ||
| 520 | _aThe book contains a large number of various political cartoons used to virtue signal with coercive environmental activism. | ||
| 521 | 8 |
_a970
_bLexile |
|
| 521 | 8 |
_aQ
_bRaz-Plus |
|
| 942 |
_2ddc _cBK _n0 |
||
| 999 |
_c1837 _d1837 |
||